|
|
แสดงรายละเอียดบรรณานุกรม |
|
|
Brief Record
: Get Marc (ISO 2709)
: E-mail record
: |
| LEADER 00000nama 2200000uu 4500 | |||
| 001 190915 | |||
| 003 ULIBM | |||
| 008 040531s2538 th m m a000 0 tha d | |||
| 041 tha | |||
| 050 WA350 ก170ค | |||
| 100 กรมอนามัย | |||
| 245 คู่มือวิทยากรอบรมผู้นำนักเรียนฝ่ายส่งเสริมอนามัย 001 | |||
| 260 กรุงเทพฯ กรมอนามัย 2538 | |||
| 300 191 หน้า | |||
| 650 อนามัยโรงเรียน - การอบรม - คู่มือ ดารณี สายะวัน | |||
| 998 1998-02-25 | |||
| คุณยังไม่ได้ล็อกอิน คุณสามารถมีกิจกรรมร่วมกับเว็บไซต์ได้ แต่ต้องล็อกอินก่อน :: |
|
| สถานะ | |||||||||
| 1. | หนังสือทั่วไป | WA350 ก170ค 2538 | On Shelf ขอยืม | ||||||
| 2. | หนังสือทั่วไป | WA350 ก170ค 2538 | On Shelf ขอยืม | ||||||
| 3. | หนังสือทั่วไป | WA350 ก170ค 2538 | On Shelf ขอยืม | ||||||
| [แสดง 3/3 รายการ] | |||||||||
BibComment |
| คอมเมนท์ทรัพยากรรายการนี้ |
|
|